000 00606nam a22001937a 4500
003 OSt
005 20151203130249.0
008 151203b xxu||||| |||| 00| 0 eng d
020 _a0847685357
040 _cDDC.
082 _a370.1TOR 1998
100 _aTorres Alberto,Carlos;
_96468
245 _aDemocracy,Education and Multiculturalism;
_bDilemas of Citzenship in a global world.
260 _aBoston,
_bRowman&Littlefield Publishers Inc.
_c1998.
300 _aviii,300p;
_bill;
_c23cm
504 _aincludes index and references.
650 _aEducation and Multicultalism.
_96470
942 _2ddc
_cSLOAN
999 _c2800
_d2800